000 00783nam a2200241 i 4500
001 183144
003 ES-MaACL
005 20250824204724.0
008 140127s1974 sp |||| | spa d
020 _a84-02-00672-8
080 _a133.5:54(091)
080 _a54:133.5(091)
100 1 _aFedermann, Reinhard.
_9154268
245 1 3 _aLa alquimia /
_cReinhard Federmann.
250 _a[2ยบ ed.].
260 _aBarcelona :
_bBruguera,
_c[1974]
300 _a322 p., 7 h. ;
_c18 cm.
490 1 _aLibro Amigo ;
_vv. 217. Serie Enigmas del Universo, v. 11
650 4 _aAlquimia.
_99742
830 0 0 _aLibro amigo (Bruguera)
_vv. 217. Serie Enigmas del Universo, v. 11
_9220624
852 _aES-MaACL
_jL-29955
_z.- Donat. Miguel A. Velasco
999 _c183144
_d183144